| 000 | 00549nam a22001937a 4500 | ||
|---|---|---|---|
| 005 | 20240729163314.0 | ||
| 008 | 230304b |||||||| |||| 00| 0 eng d | ||
| 020 |
_a9780670095629 _cRs.599.00 |
||
| 040 | _aLoreto College | ||
| 041 | _aEnglish | ||
| 082 |
_a363.7 _bGHO |
||
| 100 | _aGhosh,Amitav | ||
| 245 |
_aThe nutmeg's curse _bParables for a planet in crisis _cAmitav Ghosh |
||
| 260 |
_aGurugram _bPenguin Random House India _c2021 |
||
| 300 |
_a339p. _b22cm. |
||
| 650 | _aClimatic changes | ||
| 850 | _aLCLIB | ||
| 942 | _cBK | ||
| 999 |
_c43288 _d93767 |
||